Translate the portuguese into english - Statistics

General Stats
  • This quiz has been taken 31 times
  • The average score is 18 of 33
Answer Stats
Hint Answer % Correct
uma/um a
96%
Ola Hello
96%
Dois two
88%
decorar decorate
85%
quando when
85%
adieus goodbye
81%
saber know
73%
ok ok
73%
voce you
73%
voce you
73%
como how
69%
jogadoras players
69%
o the
69%
para to
69%
cancao song
65%
quem who
62%
sa/sao are
46%
bolo cake
46%
bolo cake
46%
bolo CAKE
46%
isto it
46%
isto it
46%
segura/seguro safe
46%
no at
35%
no AT
35%
ei Hey
31%
pegar take
31%
isso e its
27%
assar bake
23%
estaca stake
19%
estaca STAKE
19%
isso e thats
19%
entrada incoming
4%
No matching quizzes found
Score Distribution
Percent of People with Each Score
Percentile by Number Answered
Your Score History
You have not taken this quiz